00476nam a2200157Ia 4500001001000000003000500010008004100015010001100056040000900067100002300076245009600099260002900195300001000224650001200234710007200246Para_6147CHAP220125s1982 xx 000 0 und d a204927 cCHAP aCastro Acero, Luis aGuía para cultivar alfalfa en los Estados de México e Hidalgo /c por Luis Castro Acero aMéxico :b INIA.CIAMEC a16 p. aAlfalfa aInstituto Nacional de Investigaciones Agrícolas (México) CIAMEC